• 首页
  • 本馆介绍
  • 公告通知
  • 最新文献
  • 馆藏检索
  • 电子资源
  • 读者导购
  • 参考咨询
  • 我的图书馆
  • 登录
  • 详细信息显示
  • 放入我的书架
  • 预约/预借图书
  • 作者相关作品
  • 分类相关作品
  • 丛书相关作品
  • 出版社相关作品

书目信息

  • 表格格式
  • 工作单格式
  • 卡片格式
题名:
何处药香不医人
    
 
作者: 陈菲 著
分册:  
出版信息: 哈尔滨   哈尔滨出版社  2009
页数: 261页
开本: 24cm
丛书名:
单 册:
中图分类: R28
科图分类:
主题词: 中草药--基本知识 , 中草药
电子资源:
ISBN: 978-7-80753-556-0
000 00909nam0 2200265 45
001 1029438273
005 20100428095559.10
010    @a978-7-80753-556-0@dCNY29.00
100    @a20100426d2009 em y0chiy50 ea
101 0  @achi
102    @aCN@b230000
105    @aa z 000yy
106    @ar
200 1  @a何处药香不医人@AHe Chu Yao Xiang Bu Yi Ren@e一味中药补养全家@EYi Wei Zhong Yao Bu Yang Quan Jia@f陈菲著@FChen Fei Zhu
210    @a哈尔滨@c哈尔滨出版社@d2009
215    @a261页@c彩照,图@d24cm
300    @a简单中医 写给普通人看的中医书
330    @a本书从几千种传统中药里为您精心挑选80味极为常见的草药,从它们的来历、传说,细说到药理、药效、药膳等。
517 1  @a一味中药补养全家@AYi Wei Zhong Yao Bu Yang Quan Jia
606 0  @a中草药@x基本知识
606 0  @a中草药
690    @aR28@v4
701  0 @a陈菲@AChen Fei@4著
801  0 @aCN@bTANGWEI@c20100428
905    @b0595570-74@dR28@e266@f5
    
    何处药香不医人:一味中药补养全家/陈菲著.-哈尔滨:哈尔滨出版社,2009
    261页:彩照,图;24cm
    简单中医 写给普通人看的中医书
    
    ISBN 978-7-80753-556-0:CNY29.00
    本书从几千种传统中药里为您精心挑选80味极为常见的草药,从它们的来历、传说,细说到药理、药效、药膳等。
●
相关链接 在E读中查询图书 在五车中查询图书 在当当中查询图书 在豆瓣中查询图书


正题名:何处药香不医人     索取号:R28/266         预约/预借

序号 登录号 条形码 馆藏地/架位号 状态 备注
1 0595570   205955705   第二样本阅览室/ [索取号:R28/266] 在馆    
2 0595571   205955714   第三借阅区/ [索取号:R28/266] 在馆    
3 0595572   205955723   教育系资料室/ [索取号:R28/266] 在馆    
4 0595573   205955732   教育系资料室/ [索取号:R28/266] 在馆    
5 0595574   205955741   第三借阅区/ [索取号:R28/266] 在馆    
唐山师范学院图书馆 欢迎您!
大连网信软件有限公司© 版权所有